Avisos espirituales que dio a sus hijas la serafica doctora S. Teresa de Jesús (Record no. 8403)

MARC details
000 -CABECERA
campo de control de longitud fija 01916nam a2200265 a 4500
001 - NÚMERO DE CONTROL
campo de control BRCA_8751
005 - FECHA Y HORA DE LA ÚLTIMA TRANSACCIÓN
campo de control 20190320210407.0
008 - DATOS DE LONGITUD FIJA--INFORMACIÓN GENERAL
campo de control de longitud fija 100317s1780----sp-#######---#000-0#spa-#
041 ## - CÓDIGO DE LENGUA
Código de lengua del texto/banda sonora o título independiente spa
044 ## - CÓDIGO DEL PAÍS DE LA ENTIDAD EDITORA/PRODUCTORA
Código MARC del país sp
084 ## - OTRO NÚMERO DE CLASIFICACIÓN
Número de clasificación BE114
Número de documento/Ítem .R63 1780
100 1# - ENTRADA PRINCIPAL--NOMBRE DE PERSONA
Nombre de persona Rodríguez de Arellano, Joseph Xavier
9 (RLIN) 21790
245 10 - MENCIÓN DE TÍTULO
Título Avisos espirituales que dio a sus hijas la serafica doctora S. Teresa de Jesús
Mención de responsabilidad, etc. y explica en platicas de su devoto El Ilmo. Señor Don Joseph Xavier Rodríguez de Arellano, Arzobispo de Burgos, del Consejo de su Magestad.
260 ## - PUBLICACIÓN, DISTRIBUCIÓN, ETC.
Lugar de publicación, distribución, etc. Burgos
Nombre del editor, distribuidor, etc. Por Joseph de Navas, Impresor en dicha Ciudad
Fecha de publicación, distribución, etc. 1780
300 ## - DESCRIPCIÓN FÍSICA
Extensión [18], 507 p. (t.2)
Dimensiones 20.6 x 14.6 cm.
500 ## - NOTA GENERAL
Nota general Con las licencias necesarias
500 ## - NOTA GENERAL
Nota general Con marca de fuego: “Procedencia de la marca: Colegio de San José de Gracia de Orizaba(1). Institución: Congregación de Propaganda Fide. Descripción: Monograma conformado por: S[AN]; las iniciales para José y las iniciales para Gracia. Observaciones: Rafael Sala asigna la marca a un convento de monjas de la ciudad de México. --------- Varía respecto de la marca BF-12031 en que el monograma para la palabra José es muy distinto pues se nota un tipo de letra más rectilínea y están más definidos los patines. Ubicación de la marca en el libro: Canto superior”
500 ## - NOTA GENERAL
Nota general En portada: Y dedica a las venerables preladas, y Religiosas de los Monasterios de su Filiacion
500 ## - NOTA GENERAL
Nota general Estado físico: presenta encuadernación en pergamino, con cintas y presencia del pez de plata
600 14 - PUNTO DE ACCESO ADICIONAL DE MATERIA--NOMBRE DE PERSONA
Nombre de persona Teresa de Jesús, Santa
Fechas asociadas al nombre 1515 - 1582
Subdivisión general Critica e interpretación
Subdivisión cronológica Obras anteriores a 1800
9 (RLIN) 21791
650 14 - PUNTO DE ACCESO ADICIONAL DE MATERIA--TÉRMINO DE MATERIA
Término de materia o nombre geográfico como elemento de entrada Misticismo
Subdivisión cronológica Obras anteriores a 1800
9 (RLIN) 21792
856 ## - LOCALIZACIÓN Y ACCESO ELECTRÓNICOS
Nombre del host http://www.marcasdefuego.buap.mx:8180/xmLibris/projects/firebrand/item.jsp?repository=marcas_de_fuego&key=marcas_de_fuego_franciscanas_20150710115905_e66c.xml&num=77
902 ## - CATALOGADOR
Iniciales CFM
942 ## - ELEMENTOS DE PUNTO DE ACCESO ADICIONAL (KOHA)
Fuente del sistema de clasificación o colocación Library of Congress Classification
Tipo de ítem Koha Libros
Holdings
Estado de retiro Estado de pérdida Estado dañado No para préstamo Localización permanente Ubicación/localización actual Fecha de adquisición Total de préstamos Signatura topográfica completa Código de barras Fecha visto por última vez Precio válido a partir de Tipo de ítem Koha
El ejemplar forma parte de la colección y puede ser consultado según las políticas vigentes.       Biblioteca del Museo Franz Mayer (Rogerio Casas-Alatriste) Biblioteca del Museo Franz Mayer (Rogerio Casas-Alatriste) 10/03/2017   BE114 .R63 1780 CFM00085 22/03/2019 22/03/2019 Libros